| 000 | 00425nam a2200145Ia 4500 | ||
|---|---|---|---|
| 008 | 230917s9999||||xx |||||||||||||| ||und|| | ||
| 040 |
_e187502 _aMAIN |
||
| 041 | _aEnglish | ||
| 082 | _a005.133 I2I | ||
| 100 | _aIndira Gandhi National Open University | ||
| 245 | 0 | _aIntroduction to internet programming (CS-74). 2V. | |
| 260 |
_aNew Delhi _bIndira Gandhi National Open University _c2009 |
||
| 300 | _av. p. | ||
| 942 | _cBK | ||
| 999 |
_c161634 _d161634 |
||